01613nas a2200241Ia 4500001001100000003001000011008004100021040002500062041001300087100002500100210001000125222001000135245006500145250001100210260007400221300002800295310001200323362003000335500043100365501011400796520043100910650003001341R262-R5039IT-CnALBA170116c99999999xx |||||||||||| ||und|| aIT-CnALBAcIT-CnALBA aITALIANO aADINOLFI MARCO, OFM. aJESUS aJESUS 0aJESUS. DUEMILA ANNI DI ATTUALITÀ. SULLE ORME DI S. PAOLO.  a1a ed. aTORINObSAIE EDITRICE c1984 [1° Ed.:1984 - Ed.Ling.Originale: 1984] a784 p. (prefazione: 17) aMENSILE aFascicolo: 1-12 / (1984) aBARBAGLIO G. BIANCHI U. CIMOSA. CIPRIANI S. CRESPI G. FABRIS R. FLUSSER B. GHIDELLI C. PENNA R. DA GERUSALEMME A TARSO. UN EBREO DI NOME GESÙ. PRIMA COMUNITÀ CRISTIANA. CONCILIO DI GERUSALEMME. I GIUDEO CRISTIANI. PAOLO APOSTOLO. PRIMO E SECONDO VIAGGIO MISSIONARIO. TIMOTEO DISCEPOLO. AD ATENE. DIONIGI AREOPAGITA, FALLIMENTO? CULTURA DI PAOLO. PAOLO E LA PARUSIA. PAOLO SCRITTORE. EFESO CROCEVIA DELLE RELIGIONI. ETC...  aSocietà San Paolo EM - Piazza San Paolo, 14 - 12051 ALBA (CN) (non commercial uses only) ® Copyright 2017 aBARBAGLIO G. BIANCHI U. CIMOSA. CIPRIANI S. CRESPI G. FABRIS R. FLUSSER B. GHIDELLI C. PENNA R. DA GERUSALEMME A TARSO. UN EBREO DI NOME GESÙ. PRIMA COMUNITÀ CRISTIANA. CONCILIO DI GERUSALEMME. I GIUDEO CRISTIANI. PAOLO APOSTOLO. PRIMO E SECONDO VIAGGIO MISSIONARIO. TIMOTEO DISCEPOLO. AD ATENE. DIONIGI AREOPAGITA, FALLIMENTO? CULTURA DI PAOLO. PAOLO E LA PARUSIA. PAOLO SCRITTORE. EFESO CROCEVIA DELLE RELIGIONI. ETC...  aSCIENZE UMANE E RELIGIOSE